000 01125cab a2200205 4500
001 ##L133630
008 060525n2006 000 0 eng u
035 _a(Sirsi) u133630
041 0 _aeng
110 2 _aInvestment Property Forum
_92112
245 0 0 _aEG data
_bIPF forecast survey: April
260 _c2006
490 0 _aEstates Gazette
_v(0620) 20 May 2006, 58-59(2)
520 _aProvides total return and sector investment forecasts for 2006-10. Forecasts for the short term continue to rise though remain cautious, with the medium term remaining uncertain with a number of forecasters expecting 2008 to see a fall in rental values. Over the five years 2006-10 the consensus is for a total return forecast of 8% pa, up from 7.7% in January. Comments on the all-property rental value and all-property total return forecasts. Graphs cover rental growth, capital growth and total returns for 2006 and 2007. Tables.
590 _aIKA060606
650 2 4 _aIPF CONSENSUS FORECAST SURVEY
651 4 _aUnited Kingdom
_y
690 _aPROPERTY-COMMERCIAL PROPERTY-COMMERCIAL PROPERTY FINANCE AND INVESTMENT
942 _n0
999 _c77119
_d77119